Estadísticas para Países con el Mayor Número de Muertes por Malaria

Haz click aquí para intentar la prueba.

Estadísticas generales

  • Esta prueba ha sido intentada 663 veces
  • La puntuación promedio es 12 de 19

Estadísticas de respuestas

MuertesPaís% Correcto
50,000República Democrática
del Congo
95%
120,000Nigeria
91%
26,000India
84%
17,000Tanzania
81%
14,000Angola
80%
6,600Indonesia
80%
16,000Mozambique
74%
15,000Ghana
70%
20,000Malí
67%
1,600Bangladés
65%
1,100Pakistán
64%
16,000Costa de Marfil
62%
180Laos
61%
2,300Myanmar
59%
17,000Burkina Faso
57%
3,100Papua Nueva Guinea
49%
150Venezuela
36%
280Haití
34%
1,100Yemen
34%

Distribución de puntuación

Porcentaje por número respondido

Porcentaje de gente con cada puntuación

Historial de tus puntuaciones

No has intentado esta prueba.